000 00706nam a2200205Ia 4500
005 20260121110046.0
008 008 260114s9999 xx 000 0 hin d
020 _a9788132359692
037 _aEBOOK
040 _aCRL
_bhin
_cCRL
041 _ahin
_2hin
084 _qCRL
100 _aराम शक्ति मौर्य / Ram Shakti Maurya
_9941529
245 0 _aविद्युत एवं प्रकाश के सिद्धान्त / Vidut aur Prakash ke Siddhant
260 _bभाषा प्रकाशन / Bhasha Prakashan
_c2021
856 _uhttps://bhashaprakashan.com/product-details/382572
942 _cEBOOK
999 _c1533194
_d1533194